| 000 | 00775nam a2200205 a 4500 | ||
|---|---|---|---|
| 001 | 000045143 | ||
| 005 | 20250522113441.0 | ||
| 008 | 150205s1998 dr a 000 0 spa d | ||
| 040 |
_aDO-SdBNP _bspa _cBNPHU |
||
| 082 |
_a372.21 _bG943ev |
||
| 245 | 0 |
_aGuía de la evaluación del proceso del desarrollo del niño y la niña : _bprimer ciclo de la educación inicial / _cpresentación Mechy Hernández. |
|
| 250 | _a3a ed. revisada y actualizada | ||
| 260 |
_aSanto Domingo : _bABM Impresora, _c1998. |
||
| 300 |
_a12 p. : _bil. ; _c28 cm. |
||
| 650 | 4 |
_aEducación preescolar _zRepública Dominicana _973160 |
|
| 650 | 4 |
_aDesarrollo infanti _973161 |
|
| 650 | 4 |
_aEducación inicial _973162 |
|
| 650 | 0 |
_aNiños _xcrecimiento _973156 |
|
| 700 | 1 | 2 |
_aHernández, Mechy, _epres. _973157 |
| 999 |
_c44632 _d44632 |
||